| 000 | 00483nam a2200181Ia 4500 | ||
|---|---|---|---|
| 003 | OSt | ||
| 005 | 20251031115606.0 | ||
| 008 | 250729s2005 xx 000 0 und d | ||
| 040 | _cAL | ||
| 041 | _akan | ||
| 082 | _a370 OBAU | ||
| 100 |
_aಓಬಲೇಶಘಟ್ಟಿ ಆರ್ _9223658 |
||
| 245 | _aಉದಯೋನ್ಮುಖ ಭಾರತದಲ್ಲಿ ಶಿಕ್ಶಣ | ||
| 260 |
_aGadag _c2005 |
||
| 300 | _a404p | ||
| 650 |
_aEducation _9223659 |
||
| 942 |
_2ddc _cBED |
||
| 999 |
_c236018 _d236018 |
||